Satellites : Agreement between the United States of America and the European Organization for the Exploitation of Meteorological Satellites signed at Washington, November 19, 1998.

Bibliographic Details
Corporate Author: EUMETSAT (Organization)
Format: Government Document eBook
Language:English
Published: [Washington, D.C.] : U.S. Dept. of State, [1999?]
Series:Treaties and other international acts series ; 12998.
Subjects:
Online Access:https://purl.fdlp.gov/GPO/LPS114939

MARC

Tag First Indicator Second Indicator Subfields
LEADER 00000cam a2200000 a 4500
001 in00002519021
005 20211202192119.0
006 m d f
007 cr bn|||||||||
008 090803s1999 dcu sz f000 0 eng c
035 |a (OCoLC)ocn428973527 
040 |a GPO  |c GPO  |d GPO  |d MvI  |d UtOrBLW 
042 |a pcc 
043 |a n-us--- 
049 |a WWW 
074 |a 0899-A-01 (online) 
086 0 |a S 9.10:12998 
110 2 |a EUMETSAT (Organization) 
240 1 0 |a Treaties, etc.  |g United States,  |d 1998 November 19 
245 1 0 |a Satellites :  |b Agreement between the United States of America and the European Organization for the Exploitation of Meteorological Satellites signed at Washington, November 19, 1998. 
246 3 0 |a Agreement between the United States of America and the European Organization for the Exploitation of Meteorological Satellites signed at Washington, November 19, 1998 
264 1 |a [Washington, D.C.] :  |b U.S. Dept. of State,  |c [1999?] 
300 |a 1 online resource (20 unnumbered pages) 
336 |a text  |b txt  |2 rdacontent 
337 |a computer  |b c  |2 rdamedia 
338 |a online resource  |b cr  |2 rdacarrier 
490 1 |a Treaties and other international acts series ;  |v 12998 
500 |a Title from title screen (viewed on July 30, 2009). 
500 |a Electronic resource. 
610 1 0 |a United States.  |b Department of State. 
650 0 |a Geostationary satellites  |x Law and legislation  |z United States. 
650 0 |a Satellite meteorology  |x International cooperation. 
830 0 |a Treaties and other international acts series ;  |v 12998. 
856 4 0 |u https://purl.fdlp.gov/GPO/LPS114939  |t 0 
999 |a MARS 
999 f f |s 122cc960-fcdd-3c52-8ad2-f6cb74cb928b  |i 60d7ac89-9e05-3156-8641-0a6b975dcc3e  |t 0 
952 f f |a Texas A&M University  |b College Station  |c Electronic Resources  |d Available Online  |t 0  |e S 9.10:12998  |h Superintendent of Documents classification 
998 f f |a S 9.10:12998  |t 0  |l Available Online